All 50k+ cities in Minnesota on a map - Statistics

General Stats
  • This quiz has been taken 443 times
  • The average score is 12 of 19
Answers on the Map
Answers color-coded by a green-red scale on the quiz's map according to % correct below.
 
Answer Stats
Hint Answer % Correct
425,336 Minneapolis
99%
307,193 St. Paul
99%
86,372 Duluth
94%
121,465 Rochester
89%
68,818 St. Cloud
80%
89,298 Bloomington
72%
84,526 Brooklyn Park
58%
53,266 Minnetonka
57%
70,726 Maple Grove
55%
68,642 Eagan
53%
53,318 Edina
52%
70,935 Blaine
51%
79,828 Plymouth
50%
63,161 Eden Prairie
49%
76,990 Woodbury
49%
63,385 Coon Rapids
48%
72,812 Lakeville
48%
55,638 Apple Valley
47%
63,943 Burnsville
47%
No matching quizzes found
Score Distribution
Percent of People with Each Score
Percentile by Number Answered
Your Score History
You have not taken this quiz